|
|
|
|
| LEADER |
01526nam a2200361 i 4500 |
| 001 |
37060 |
| 003 |
BD-DhAAL |
| 005 |
20211111102911.0 |
| 008 |
200219t2016 inua 001 0 eng d |
| 999 |
|
|
|c 40650
|d 40650
|
| 010 |
|
|
|a 2016951038
|
| 020 |
|
|
|a 9788126564460
|
| 020 |
|
|
|a 9781119288312
|
| 020 |
|
|
|a 9781119288282
|
| 040 |
|
|
|a DLC
|b eng
|e rda
|c DLC
|d BD-DhAAL
|
| 042 |
|
|
|a pcc
|
| 050 |
0 |
0 |
|a QA76.3
|b .L34875 2016
|
| 082 |
0 |
4 |
|a 004.6
|2 23
|
| 100 |
1 |
|
|a Lammle, Todd
|9 39372
|
| 245 |
1 |
0 |
|a CCNA routing and switching deluxe study guide :
|b exams 100-105, 200-105, 200-125 /
|c Todd Lammle.
|
| 250 |
|
|
|a Second edition.
|
| 260 |
|
|
|a Indianapolis, Indiana :
|b Sybex,
|c 2016
|
| 300 |
|
|
|a lxv, 1069 pages :
|b illustrations ;
|c 24 cm.
|
| 500 |
|
|
|a Includes index.
|
| 526 |
|
|
|a CSE
|
| 541 |
|
|
|a Hye Trade International
|e 37060, 37061
|
| 650 |
|
0 |
|a Electronic data processing personnel
|x Certification
|v Study guides.
|9 39373
|
| 650 |
|
0 |
|a Computer networks
|x Examinations
|v Study guides.
|9 39374
|
| 650 |
|
0 |
|a Computer science.
|9 39375
|
| 852 |
|
|
|a Ayesha Abed Library
|c General Stacks
|
| 942 |
|
|
|2 ddc
|c BK
|
| 952 |
|
|
|0 0
|1 0
|2 ddc
|4 0
|6 004_600000000000000_LAM
|7 0
|9 67852
|a BRACUL
|b BRACUL
|c GEN
|d 2020-02-06
|e Hye Trade International
|g 1999.00
|l 4
|m 25
|o 004.6 LAM
|p 3010037061
|r 2025-08-12
|s 2025-06-26
|t 2
|v 1999.00
|w 2020-02-06
|y BK
|
| 952 |
|
|
|0 0
|1 0
|2 ddc
|4 0
|6 004_600000000000000_LAM
|7 0
|9 67853
|a BRACUL
|b BRACUL
|c GEN
|d 2020-02-06
|e Hye Trade International
|g 1999.00
|l 3
|m 22
|o 004.6 LAM
|p 3010037060
|r 2025-08-06
|s 2025-02-17
|t 1
|v 1999.00
|w 2020-02-06
|y BK
|